| 000 | 00987 a2200277 4500 | ||
|---|---|---|---|
| 001 | 33072 | ||
| 005 | 20260407155625.0 | ||
| 008 | 260407a1972 arg spa d | ||
| 003 | AR-UNSa-BCEJYS | ||
| 040 |
_aAR-UNSa-BCEJYS _bspa _cAR-UNSa-BCEJYS |
||
| 080 |
_a658.01 _xMetodología. Teoría y práctica de la organización( teoria de la organización, análisis organizacional...) |
||
| 245 | 1 | 0 | _aTeoría y técnica de la administración |
| 250 | _a2a. ed | ||
| 264 | 1 |
_aBuenos Aires : _bEdiciones Macchi _c1972 |
|
| 300 |
_a492 p. _c22 cm. |
||
| 505 | _a1. Estructura - 2. El mando - 3. Organización informal - 4. El planeamiento - 5. Control - 6. Administración y desarrollo. | ||
| 041 | _aspa | ||
| 942 | _cBK | ||
| 590 | _aniveau_biblio:m niveau_hierar:0 | ||
| 100 | 1 | _aPerel, Vicente L. | |
| 700 | 1 | _aAder, José Jorge | |
| 700 | 1 | _aEtkin, Jorge Ricardo | |
| 700 | 1 | _aKutnowski, Mario Alberto | |
| 700 | 1 | _aLópez Cascante, Jesús D. | |
| 700 | 1 | _aMagdalena, Fernando | |
| 999 |
_c2329 _d2329 |
||